[Event "BRA-ch 85th sf Reg2"]
[Site "Manaus"]
[Date "2018.11.03"]
[Round "5"]
[White "Leite, Thales Ferreira"]
[Black "Dantas, Caetano Melo"]
[Result "1-0"]
[WhiteElo "1963"]
[BlackElo "1567"]
[PlyCount "53"]
[EventDate "2018.11.01"]
[EventType "swiss"]
[EventRounds "7"]
[EventCountry "BRA"]
[SourceTitle "CBM 189 Extra"]
[Source "ChessBase"]
[SourceDate "2019.06.03"]
[SourceVersion "1"]
[SourceVersionDate "2019.06.03"]
[SourceQuality "1"]

1. e4 e6 2. b3 d5 3. Bb2 Nf6 4. e5 Nfd7 5. f4 c5 6. Nc3 a6 7. a4 Nc6 8. Nf3 f6 9. Qe2 Be7 10. 0-0-0 fxe5 11. fxe5 b6 12. g4 Qc7 13. Re1 Bb7 14. Bg2 0-0-0 15. Nd1 Nf8 16. d4 cxd4 17. Nxd4 Bc5 18. Nxc6 Qxc6 19. Nf2 Ng6 20. Nd3 Be7 21. Kb1 Kb8 22. Rhf1 Rhf8 23. Bd4 Rc8 24. Rxf8 Rxf8 25. Rf1 Rxf1+ 26. Qxf1 Bf8 27. h4 1-0

[Event "Manaus Regional Norte-ch"]
[Site "Manaus"]
[Date "2018.10.13"]
[Round "5"]
[White "Reis, Renan do Carmo"]
[Black "Leite, Thales Ferreira"]
[Result "1-0"]
[WhiteElo "2221"]
[BlackElo "1937"]
[PlyCount "67"]
[EventDate "2018.10.11"]
[EventType "swiss"]
[EventRounds "7"]
[EventCountry "BRA"]
[SourceTitle "CBM 186 Extra"]
[Source "ChessBase"]
[SourceDate "2018.08.24"]
[SourceVersion "1"]
[SourceVersionDate "2018.08.24"]
[SourceQuality "1"]

1. d4 Nf6 2. Bf4 g6 3. e3 Bg7 4. Nf3 d6 5. Be2 0-0 6. h3 Nbd7 7. 0-0 b6 8. c4 c5 9. Nc3 Bb7 10. d5 Qc7 11. Qc2 a6 12. Rad1 Rad8 13. e4 Ne5 14. Nd2 h6 15. Bh2 g5 16. f4 Ng6 17. fxg5 hxg5 18. Rf5 Bh6 19. Rdf1 Bc8 20. R5f3 Nd7 21. Kh1 Nde5 22. Rg3 Bd7 23. Bg1 Kh7 24. Be3 f6 25. Nf3 Nf4 26. Qd1 Nxe2 27. Qxe2 Rb8 28. Nxe5 dxe5 29. h4 g4 30. Bxh6 Kxh6 31. Nd1 Rg8 32. Ne3 Kh5 33. Nf5 Rbe8 34. Qd3 1-0

[Event "BRA-ch U18"]
[Site "Sao Paulo"]
[Date "2018.03.31"]
[Round "4"]
[White "Leite, Thales Ferreira"]
[Black "Volkmann, Andre Jordi"]
[Result "1/2-1/2"]
[WhiteElo "1931"]
[BlackElo "1910"]
[PlyCount "75"]
[EventDate "2018.03.29"]
[EventType "swiss"]
[EventRounds "6"]
[EventCountry "BRA"]
[SourceTitle "EXT 2019"]
[Source "ChessBase"]
[SourceDate "2018.10.10"]
[SourceVersion "1"]
[SourceVersionDate "2018.10.10"]
[SourceQuality "1"]

1. e4 d5 2. exd5 Qxd5 3. Nc3 Qa5 4. d4 c6 5. Nf3 Bg4 6. h3 Bxf3 7. Qxf3 e6 8. Bd2 Qc7 9. 0-0-0 Nf6 10. Bc4 Nbd7 11. g4 Nb6 12. Bb3 0-0-0 13. g5 Nfd5 14. Ne4 Bb4 15. c3 Ba5 16. Rhe1 Rd7 17. Nc5 Re7 18. Bxd5 Nxd5 19. Nb3 Rd8 20. Nxa5 Qxa5 21. c4 Qxa2 22. cxd5 Rxd5 23. Qa3 Qxa3 24. bxa3 Rxd4 25. Bc3 Rc4 26. Kb2 Rf4 27. Re2 Rd7 28. Red2 Rxd2+ 29. Rxd2 h6 30. gxh6 gxh6 31. Be5 Rf5 32. Bg3 Rd5 33. Kc3 Kd7 34. Rxd5+ exd5 35. Kd4 Ke6 36. Bb8 a6 37. h4 Kf5 38. f3 1/2-1/2

[Event "BRA-ch U18"]
[Site "Itajai"]
[Date "2017.06.03"]
[Round "4"]
[White "Leite, Thales Ferreira"]
[Black "De Oliveira, Guilherme Alfredo B"]
[Result "1-0"]
[WhiteElo "1873"]
[BlackElo "1766"]
[PlyCount "77"]
[EventDate "2017.06.01"]
[EventType "swiss"]
[EventRounds "6"]
[EventCountry "BRA"]
[SourceTitle "CBM 179 Extra"]
[Source "ChessBase"]
[SourceDate "2017.08.23"]
[SourceVersion "1"]
[SourceVersionDate "2017.08.23"]
[SourceQuality "1"]

1. e4 d6 2. Nf3 g6 3. Bc4 Bg7 4. 0-0 Nf6 5. Nc3 c6 6. a4 d5 7. exd5 cxd5 8. Bb5+ Nbd7 9. Re1 0-0 10. d4 a6 11. Bf1 b6 12. Bg5 Bb7 13. Bd3 Re8 14. Ne5 h6 15. Bh4 Nf8 16. f4 Qd6 17. Bf2 Nh5 18. f5 Nf4 19. fxg6 N8xg6 20. Bxg6 fxg6 21. Qg4 Rf8 22. Bg3 h5 23. Qd1 Rf5 24. Ne2 Bxe5 25. dxe5 Qc5+ 26. Kh1 Nxg2 27. Kxg2 d4+ 28. Kh3 Qc8 29. e6 g5 30. Nxd4 g4+ 31. Kh4 Qf8 32. Nxf5 Qf6+ 33. Kxh5 Qxf5+ 34. Kh4 Bf3 35. Qd2 Qh7+ 36. Kg5 Rc8 37. b4 Be4 38. Qf4 Bg6 39. Qxg4 1-0

[Event "BRA-ch U18"]
[Site "Itajai"]
[Date "2017.06.03"]
[Round "5"]
[White "Soares, Joao Carlos TC"]
[Black "Leite, Thales Ferreira"]
[Result "1-0"]
[WhiteElo "1869"]
[BlackElo "1873"]
[PlyCount "105"]
[EventDate "2017.06.01"]
[EventType "swiss"]
[EventRounds "6"]
[EventCountry "BRA"]
[SourceTitle "CBM 179 Extra"]
[Source "ChessBase"]
[SourceDate "2017.08.23"]
[SourceVersion "1"]
[SourceVersionDate "2017.08.23"]
[SourceQuality "1"]

1. e4 c6 2. d4 d5 3. e5 Bf5 4. Nf3 e6 5. Be2 c5 6. c3 Nc6 7. 0-0 Nge7 8. Be3 cxd4 9. cxd4 Bg4 10. Nc3 Nf5 11. a3 Be7 12. b4 0-0 13. Rc1 Rc8 14. Na4 Bxf3 15. Bxf3 Ncxd4 16. Bxd4 Rxc1 17. Qxc1 Nxd4 18. Bg4 Qd7 19. Nc5 Bxc5 20. Qxc5 Nc6 21. f4 Rc8 22. Qe3 d4 23. Qe4 g6 24. Rd1 Rd8 25. Rd3 a5 26. b5 Ne7 27. a4 Qc7 28. h3 Qc4 29. Kh2 h5 30. Bd1 Nf5 31. Bb3 Qc1 32. Rd1 Qb2 33. Bc4 Ne3 34. Bxe6 Qc2 35. Qxc2 Nxc2 36. Bb3 Nb4 37. Kg3 Rc8 38. Kf2 Rc3 39. Rb1 Nd3+ 40. Kf1 Nxf4 41. Bd1 Re3 42. b6 Rxe5 43. Bf3 d3 44. Bxb7 d2 45. Bf3 Nd3 46. Be2 Rf5+ 47. Kg1 Rc5 48. Kh2 Rc1 49. Rb2 Nc5 50. Rxd2 Kf8 51. Rd8+ Ke7 52. Rc8 Kd6 53. b7 1-0

[Event "Amazonense-ch"]
[Site "Manaus"]
[Date "2016.10.20"]
[Round "6.2"]
[White "De Oliveira Freitas, Reinier Alex"]
[Black "Leite, Thales Ferreira"]
[Result "1-0"]
[WhiteElo "1861"]
[BlackElo "1801"]
[PlyCount "91"]
[EventDate "2016.10.15"]
[EventType "tourn"]
[EventRounds "8"]
[EventCountry "BRA"]
[SourceTitle "EXT 2022"]
[Source "ChessBase"]
[SourceDate "2021.10.06"]
[SourceVersion "1"]
[SourceVersionDate "2021.10.06"]
[SourceQuality "1"]

1. e4 c6 2. d4 d5 3. Nc3 dxe4 4. Nxe4 Nd7 5. Bc4 Ngf6 6. Qf3 Nb6 7. Bb3 Qxd4 8. Ng5 Nbd5 9. Ne2 Qg4 10. Bxd5 cxd5 11. Qd3 Qc4 12. Qe3 e6 13. b3 Qxc2 14. 0-0 Bc5 15. Qe5 0-0 16. Bb2 Bd6 17. Qxd6 Qxb2 18. Ng3 Bd7 19. Rab1 Qd4 20. Nf3 Qb6 21. Qe5 Bb5 22. Rfe1 Rac8 23. Rb2 Qc7 24. Qg5 Qc3 25. Rd2 h6 26. Qf4 Rfe8 27. Ne5 Qc1 28. Nf3 e5 29. Qb4 Qc5 30. Qh4 e4 31. Nd4 e3 32. fxe3 Qc3 33. Rdd1 Rxe3 34. Ngf5 Re4 35. Rxe4 Nxe4 36. Nxb5 Qc2 37. Rf1 Qc5+ 38. Nbd4 Rf8 39. Qg4 g6 40. Rd1 Kh7 41. Ng3 f5 42. Qf4 g5 43. Qe5 Nc3 44. Re1 f4 45. Ngf5 Rf7 46. Qe6 1-0

[Event "Amazonense-ch"]
[Site "Manaus"]
[Date "2016.10.16"]
[Round "4.1"]
[White "De Oliveira, Victor Gabriel C"]
[Black "Leite, Thales Ferreira"]
[Result "1/2-1/2"]
[WhiteElo "2087"]
[BlackElo "1801"]
[PlyCount "60"]
[EventDate "2016.10.15"]
[EventType "tourn"]
[EventRounds "8"]
[EventCountry "BRA"]
[SourceTitle "EXT 2022"]
[Source "ChessBase"]
[SourceDate "2021.10.06"]
[SourceVersion "1"]
[SourceVersionDate "2021.10.06"]
[SourceQuality "1"]

1. e4 c6 2. d4 d5 3. Nc3 dxe4 4. Nxe4 Nd7 5. Nf3 Ngf6 6. Ng3 e6 7. Bd3 Bd6 8. 0-0 0-0 9. Re1 Qc7 10. Qe2 b6 11. Ne5 Bb7 12. Bg5 h6 13. Nxd7 Nxd7 14. Qe4 g6 15. Bxh6 Rfe8 16. Qg4 Nf6 17. Qh4 Nh7 18. Qg4 Nf6 19. Qf3 Be7 20. h4 c5 21. Ne4 Nxe4 22. Bxe4 Bxe4 23. Rxe4 cxd4 24. h5 g5 25. Qd3 e5 26. Qg3 f6 27. Qb3+ Kh8 28. Qf7 Rg8 29. Rae1 Bd8 30. Qd5 Rc8 1/2-1/2

[Event "Manauara Benchimol Memorial"]
[Site "Manauara"]
[Date "2016.07.29"]
[Round "2"]
[White "Leite, Thales Ferreira"]
[Black "Freire da Silva, Lucivaldo"]
[Result "1-0"]
[WhiteElo "1725"]
[BlackElo "1776"]
[PlyCount "75"]
[EventDate "2016.07.28"]
[EventType "swiss"]
[EventRounds "6"]
[EventCountry "BRA"]
[SourceTitle "CBM 173 Extra"]
[Source "ChessBase"]
[SourceDate "2016.08.29"]
[SourceVersion "1"]
[SourceVersionDate "2016.08.29"]
[SourceQuality "1"]

1. e4 e6 2. d4 d5 3. Nc3 Bb4 4. exd5 exd5 5. Bd3 Nf6 6. Nge2 c5 7. dxc5 Bxc5 8. Bg5 Bxf2+ 9. Kxf2 Ng4+ 10. Ke1 Qxg5 11. Bb5+ Nc6 12. Qxd5 Qxd5 13. Nxd5 0-0 14. h3 Nge5 15. Kf2 Bf5 16. Bxc6 Nxc6 17. Ne3 Be6 18. Rhd1 Rad8 19. Nf4 Rxd1 20. Rxd1 Ne5 21. Nxe6 fxe6+ 22. Ke2 h5 23. Rd4 g5 24. Re4 Ng6 25. g3 h4 26. gxh4 Nxh4 27. Rg4 Nf3 28. Rg3 Nd4+ 29. Kd3 Nf3 30. Ke4 Nd2+ 31. Kd3 Nf3 32. h4 Rd8+ 33. Ke4 Nd2+ 34. Ke5 Kf7 35. hxg5 Kg6 36. b3 Rf8 37. Ng2 Nf3+ 38. Rxf3 1-0

[Event "Manaus Amazonense-ch"]
[Site "Manaus"]
[Date "2015.09.27"]
[Round "7"]
[White "Leite, Thales Ferreira"]
[Black "Rodrigues Franca, Carlos Alberto"]
[Result "1/2-1/2"]
[WhiteElo "1550"]
[BlackElo "1477"]
[PlyCount "64"]
[EventDate "2015.09.12"]
[EventType "swiss"]
[EventRounds "7"]
[EventCountry "BRA"]
[SourceTitle "EXT 2016"]
[Source "ChessBase"]
[SourceDate "2015.10.08"]
[SourceVersion "1"]
[SourceVersionDate "2015.10.08"]
[SourceQuality "1"]

1. e4 e5 2. Nf3 Nc6 3. Bc4 d6 4. d3 h6 5. h3 Nf6 6. c3 Be7 7. 0-0 0-0 8. Nbd2 Na5 9. Qe2 Nxc4 10. Nxc4 Be6 11. Ne3 Nh7 12. Nf5 Ng5 13. Nxe7+ Qxe7 14. Nxg5 hxg5 15. Qh5 f6 16. Be3 Qf7 17. Qe2 a5 18. Kh2 g6 19. Rh1 Qh7 20. Kg1 Kf7 21. Qf3 Ke7 22. d4 Rfd8 23. g4 Qf7 24. d5 Bd7 25. h4 gxh4 26. Rxh4 Rh8 27. Qh3 Qg7 28. Bh6 Qf7 29. Kg2 Rag8 30. Rh1 Ke8 31. Qe3 f5 32. Qa7 Bc8 1/2-1/2

[Event "Manaus Amazonense-ch"]
[Site "Manaus"]
[Date "2015.09.26"]
[Round "6"]
[White "Leite, Thales Ferreira"]
[Black "Souza Neves, Andrey Marcelo"]
[Result "0-1"]
[WhiteElo "1550"]
[BlackElo "2199"]
[PlyCount "74"]
[EventDate "2015.09.12"]
[EventType "swiss"]
[EventRounds "7"]
[EventCountry "BRA"]
[SourceTitle "EXT 2016"]
[Source "ChessBase"]
[SourceDate "2015.10.08"]
[SourceVersion "1"]
[SourceVersionDate "2015.10.08"]
[SourceQuality "1"]

1. e4 c5 2. Nf3 Nc6 3. d4 cxd4 4. Nxd4 Nf6 5. Nc3 d6 6. Bg5 e6 7. Qd2 a6 8. 0-0-0 Bd7 9. f3 b5 10. Nxc6 Bxc6 11. Bd3 Be7 12. Be3 d5 13. exd5 Nxd5 14. Be4 Nb4 15. Qf2 Qc7 16. a3 Bxe4 17. fxe4 Nc6 18. Kb1 0-0 19. g4 Bf6 20. Ne2 Ne5 21. Rhg1 Nc4 22. Bd4 Bxd4 23. Nxd4 Qc5 24. Qg3 b4 25. axb4 Qxb4 26. Qc3 Qxc3 27. bxc3 Rfb8+ 28. Nb3 e5 29. Rd7 a5 30. Rf1 f6 31. Ka2 a4 32. Nc5 Rb2+ 33. Ka1 Rab8 34. Ne6 Ne3 35. Rxg7+ Kh8 36. Rc1 Nxc2+ 37. Rxc2 Rxc2 0-1